000 00423nam a22001697a 4500
003 OSt
008 231011b |||||||| |||| 00| 0 eng d
020 _a9788123914244
100 _aSHARMA,VARUN DUTT
245 _aHOSPITAL AND CLINICAL PHARMACY:PRACTICAL NOTEBOOK
250 _a1st
260 _aNEW DELHI
_bCBS PUB
_c2018
300 _aIV,96
650 _aHOSPITAL PHARMACY
700 _aPANDEY.S.K
942 _2ddc
_cREF
999 _c12091
_d12091